[Event "GRE-chT 41st"]
[Site "Achaia"]
[Date "2013.07.02"]
[Round "1.7"]
[White "Houhouli, Hristina"]
[Black "Galani, Anna"]
[Result "1/2-1/2"]
[WhiteElo "1303"]
[BlackElo "1137"]
[PlyCount "90"]
[EventDate "2013.07.02"]
[EventType "team-swiss"]
[EventRounds "7"]
[EventCountry "GRE"]
[SourceTitle "CBM 155 Extra"]
[Source "ChessBase"]
[SourceDate "2013.08.26"]
[SourceVersion "1"]
[SourceVersionDate "2013.08.26"]
[SourceQuality "1"]
[WhiteTeam "Triandrias Chess Intervention"]
[BlackTeam "Marion Thunder Oreokastrou"]
[WhiteTeamCountry "GRE"]
[BlackTeamCountry "GRE"]

1. e4 c6 2. d4 d5 3. Nc3 dxe4 4. Nxe4 Bf5 5. Nc3 Nf6 6. Nf3 Nbd7 7. Bc4 e6 8. Bf4 Be7 9. 0-0 0-0 10. Re1 Nb6 11. Bb3 Rc8 12. Ne2 Nbd5 13. Bxd5 cxd5 14. c3 Ne4 15. Ne5 h6 16. Ng3 Nxg3 17. hxg3 Bg5 18. Qh5 Bxf4 19. gxf4 Qe8 20. Re2 f6 21. Qxe8 Rfxe8 22. Nf3 Rc7 23. Nh4 Bh7 24. Rae1 Rce7 25. Re3 Kf7 26. Nf3 g5 27. fxg5 hxg5 28. g4 Kg7 29. Kg2 Kh6 30. Kg3 f5 31. Rh1+ Kg6 32. Ne5+ Kf6 33. gxf5 exf5 34. Kg2 f4 35. Reh3 Rh8 36. Rh6+ Kg7 37. f3 Ree8 38. R6h5 g4 39. fxg4 Be4+ 40. Nf3 Bxf3+ 41. Kxf3 Rhf8 42. Rh7+ Kg6 43. R7h6+ Kg7 44. Rh7+ Kg6 45. R1h6+ Kg5 1/2-1/2

[Event "GRE-chT U16"]
[Site "Patras"]
[Date "2012.12.16"]
[Round "3.6"]
[White "Galani, Anna"]
[Black "Kalyva, Kyriaki"]
[Result "0-1"]
[WhiteElo "1135"]
[BlackElo "1408"]
[PlyCount "119"]
[EventDate "2012.12.15"]
[EventType "team"]
[EventRounds "5"]
[EventCountry "GRE"]
[SourceTitle "EXT 2020"]
[Source "ChessBase"]
[SourceDate "2019.10.17"]
[SourceVersion "1"]
[SourceVersionDate "2019.10.17"]
[SourceQuality "1"]

1. e4 c5 2. Nf3 d6 3. c3 Nf6 4. h3 e6 5. Bd3 Be7 6. Bc2 0-0 7. d4 cxd4 8. cxd4 b6 9. 0-0 Bb7 10. Nc3 Nbd7 11. Bd2 Rc8 12. Re1 h6 13. Nh2 Rc4 14. Be3 a6 15. Qf3 Nh7 16. Qg4 Bg5 17. Rad1 Ndf6 18. Qg3 b5 19. a3 b4 20. axb4 Rxb4 21. f4 Nh5 22. Qf3 Bh4 23. Rf1 Ng3 24. Rfe1 Rxb2 25. Rc1 Nf6 26. Bf2 Nfh5 27. Nf1 Nxf1 28. Rxf1 Bxf2+ 29. Rxf2 Nf6 30. Qg3 Qb6 31. Na4 Qxd4 32. Nxb2 Bxe4 33. Nd3 Rc8 34. Bb1 Rxc1+ 35. Nxc1 Bxb1 36. Ne2 Qd1+ 37. Kh2 Ne4 38. Nc3 Nxg3 39. Nxd1 Ne4 40. Rb2 Bd3 41. Rb7 Nc5 42. Ra7 d5 43. Kg3 Kh7 44. Kf2 Kg6 45. g4 Ne4+ 46. Ke3 Bf1 47. Kf3 Nf6 48. Nf2 h5 49. g5 Ne8 50. h4 Nd6 51. Ke3 Nf5+ 52. Kf3 Nxh4+ 53. Ke3 Nf5+ 54. Kf3 h4 55. Kg4 Be2+ 56. Kh3 d4 57. Rd7 a5 58. Ra7 d3 59. Nxd3 Bxd3 60. Rxa5 0-1

[Event "Thessaloniki Triandria op 5th"]
[Site "Thessaloniki"]
[Date "2012.04.19"]
[Round "3"]
[White "Venetidis, Georgios"]
[Black "Galani, Anna"]
[Result "0-1"]
[WhiteElo "1000"]
[BlackElo "1005"]
[PlyCount "102"]
[EventDate "2012.04.17"]
[EventType "swiss"]
[EventRounds "7"]
[EventCountry "GRE"]
[SourceTitle "EXT 2014"]
[Source "ChessBase"]
[SourceDate "2013.11.20"]
[SourceVersion "1"]
[SourceVersionDate "2013.11.20"]
[SourceQuality "1"]

1. d4 Nf6 2. c4 g6 3. Nc3 Bg7 4. Bf4 d6 5. Nf3 0-0 6. Qd2 Bf5 7. Rd1 c6 8. e3 d5 9. cxd5 cxd5 10. Be2 Nc6 11. 0-0 a6 12. Ne5 Rc8 13. Nxc6 bxc6 14. Na4 Ne4 15. Qe1 c5 16. dxc5 Nxc5 17. Nxc5 Rxc5 18. b4 Rc2 19. Bxa6 Rxa2 20. Be2 e5 21. Bg3 d4 22. exd4 exd4 23. Rd2 Ra3 24. Qd1 Re8 25. Re1 d3 26. Bxd3 Bxd3 27. Rxe8+ Qxe8 28. Rxd3 Rxd3 29. Qxd3 Qe1+ 30. Qf1 Qxb4 31. h3 Bd4 32. Kh2 Kg7 33. Qc1 Qb6 34. Qf4 Qc5 35. Kg1 g5 36. Qd2 Kg6 37. h4 g4 38. Kf1 Qc4+ 39. Ke1 Bc3 40. Qxc3 Qxc3+ 41. Ke2 f5 42. f3 gxf3+ 43. gxf3 Kh5 44. Be1 Qe5+ 45. Kf1 Qe3 46. Bf2 Qxf3 47. Kg1 Kg4 48. Kf1 Qd1+ 49. Kg2 f4 50. Ba7 Qe2+ 51. Kh1 Kg3 0-1